Quiz de Bandeiras Aletórias - Statistics

Estatísticas Gerais
  • Esse quiz foi jogado 176 vezes
    164 desde o último reset
  • A pontuação média é 7 de 20
Estatísticas das Respostas
Imagem Hint Resposta % Correto
subdivisão nacional País de Gales
83%
subdivisão nacional Escócia
78%
corpo internacional União Européia
77%
território Groenlândia
50%
unidade subnacional Macau
50%
comunidade antiga Iugoslávia
43%
planeta Marte
43%
subdivisão Mato Grosso
42%
planeta Terra
37%
movimento social Movimento dos {Trabalhadores Rurais Sem Terra}
36%
agência internacional Organização Mundial de Saúde
36%
subdivisão Amazonas
34%
território Ilhas Cook
31%
país antigo Áustria-Hungria
24%
trabalho político Presidente do Brasil
22%
país - bandeira antiga Lesoto
10%
religião Metodismo
10%
união de países União de Nações Sul-Americanas
8%
país - variante Iêmen do Sul
4%
suborganização Cristal Vermelho
2%
Nenhum quiz correspondente encontrado
Distribuição das Pontuações
Porcentagem de Pessoas com Cada Pontuação
Percentil de Números Respondidos
Sua Pontuação Histórica
Você não jogou esse quiz desde o último reset